ARRUPE JESUIT UNIVERSITY

CORONAVIRUS -STOP THE SPREAD - CLEAN,DISINFECT,COVER

Witchcraft, intimacy, and trust : (Record no. 123130)

MARC details
000 -LEADER
fixed length control field 01776cam a2200373 i 4500
001 - CONTROL NUMBER
control field 17640798
003 - CONTROL NUMBER IDENTIFIER
control field ARRUPE
005 - DATE AND TIME OF LATEST TRANSACTION
control field 20150826124913.0
008 - FIXED-LENGTH DATA ELEMENTS--GENERAL INFORMATION
fixed length control field 130227t20132013ilu b 001 0 eng c
010 ## - LIBRARY OF CONGRESS CONTROL NUMBER
LC control number 2013007997
020 ## - INTERNATIONAL STANDARD BOOK NUMBER
International Standard Book Number 9780226047584 (cloth : alkaline paper)
020 ## - INTERNATIONAL STANDARD BOOK NUMBER
International Standard Book Number 9780226047614 (paperback : alkaline paper)
020 ## - INTERNATIONAL STANDARD BOOK NUMBER
Cancelled/invalid ISBN 9780226047751 (e-book)
040 ## - CATALOGING SOURCE
Original cataloging agency ICU/DLC
Language of cataloging eng
Transcribing agency ICU
Description conventions rda
Modifying agency DLC
042 ## - AUTHENTICATION CODE
Authentication code pcc
043 ## - GEOGRAPHIC AREA CODE
Geographic area code f------
050 00 - LIBRARY OF CONGRESS CALL NUMBER
Classification number BF1584.A35
Item number G47 2013
082 00 - DEWEY DECIMAL CLASSIFICATION NUMBER
Classification number 133.4/309
Edition number 23
300 ## - PHYSICAL DESCRIPTION
Dimensions 24 cm
100 1# - MAIN ENTRY--PERSONAL NAME
Personal name Geschiere, Peter,
Relator term author.
9 (RLIN) 18881
245 10 - TITLE STATEMENT
Title Witchcraft, intimacy, and trust :
Remainder of title Africa in comparison /
Statement of responsibility, etc Peter Geschiere.
246 38 - VARYING FORM OF TITLE
Title proper/short title Witchcraft, intimacy, & trust
260 ## - PUBLICATION, DISTRIBUTION, ETC. (IMPRINT)
Place of publication, distribution, etc Chicago
Name of publisher, distributor, etc The University of Chicago
Date of publication, distribution, etc 2013
300 ## - PHYSICAL DESCRIPTION
Extent xxviii, 293 pages ;
504 ## - BIBLIOGRAPHY, ETC. NOTE
Bibliography, etc Includes bibliographical references and index (pages 267-285).
505 0# - FORMATTED CONTENTS NOTE
Formatted contents note The dangers of home: ethnographical and conceptual explorations -- Witchcraft, intimacy, and changing perceptions of distance: African examples -- To trust a witch -- Comparative perspectives I: witches, neighbors, and the closure of "the House" in Europe -- Comparative perspectives II: Candomblé de Bahia: between witchcraft and religion -- Further comparisons: Melanesia and Java: ontological differences or aphasia before "the uncanny" -- Back to trust: new distances, new challenges.
650 #0 - SUBJECT ADDED ENTRY--TOPICAL TERM
Topical term or geographic name as entry element Witchcraft
Geographic subdivision Africa.
9 (RLIN) 18882
650 #0 - SUBJECT ADDED ENTRY--TOPICAL TERM
Topical term or geographic name as entry element Witchcraft
General subdivision Social aspects.
9 (RLIN) 18883
650 #0 - SUBJECT ADDED ENTRY--TOPICAL TERM
Topical term or geographic name as entry element Witchcraft
General subdivision Psychological aspects.
9 (RLIN) 18884
650 #0 - SUBJECT ADDED ENTRY--TOPICAL TERM
Topical term or geographic name as entry element Intimacy (Psychology)
9 (RLIN) 18885
650 #0 - SUBJECT ADDED ENTRY--TOPICAL TERM
Topical term or geographic name as entry element Trust
Geographic subdivision Africa.
9 (RLIN) 18886
906 ## - LOCAL DATA ELEMENT F, LDF (RLIN)
a 7
b cbc
c orignew
d 1
e ecip
f 20
g y-gencatlg
942 ## - ADDED ENTRY ELEMENTS (KOHA)
Source of classification or shelving scheme Library of Congress Classification
Koha item type Monograph ( Printed materials)
Holdings
Withdrawn status Lost status Source of classification or shelving scheme Damaged status Not for loan Collection code Home library Current library Shelving location Date acquired Total Checkouts Full call number Barcode Date last seen Date checked out Price effective from Koha item type
    Library of Congress Classification     Main Collection ARRUPE LIBRARY ARRUPE LIBRARY Main Collection 26/08/2015 4 BF1584.A35 G47 2013 46500004172 29/03/2023 14/03/2023 26/08/2015 Monograph ( Printed materials)

 

Arrupe Library. PO Box MP320 Mt Pleasant, Harare, Zimbabwe
263 242 745411|librarian@aju.ac.zw